Normal view
MARC view
- Cady, P. D
Entry Personal Name
001 - CONTROL NUMBER
- control field: 43864
003 - CONTROL NUMBER IDENTIFIER
- control field: NUST
005 - DATE AND TIME OF LATEST TRANSACTION
- control field: 20210314132815.0
008 - FIXED-LENGTH DATA ELEMENTS
- fixed length control field: 210314|| aca||aabn | a|a d
040 ## - CATALOGING SOURCE
- Original cataloging agency: NUST
- Transcribing agency: NUST
100 ## - HEADING--PERSONAL NAME
- Personal name: Cady, P. D
670 ## - SOURCE DATA FOUND
- Source citation: Work cat.: (NUST): Weber, William G. 43862, Rapid measurement of concrete pavement thickness and reinforcement location :, 1976.
